000 00658nam a2200181 4500
001 126757
003 ES-MaACL
005 20230906192855.0
007 t|
008 070214s1977 sp r ||||1| spa d
245 0 0 _aRevolución y literatura
_b: (relaciones entre tradición, revolución y literatura) /
_cedición a cargo de Werner Mittenzwei, Reincharz Weisbach ; traducción de José Luis Pascual Arranz.
260 _aMadrid :
_bAkal,
_c1977.
300 _a185 p. ;
_c22 cm.
700 1 _aMittenzwei, Werner.
_981715
700 1 _aWeisbach, Reincharz.
_9116383
700 1 _aPascual Arranz, José Luis.
_989370
852 _aES-MaACL
_jA-8291
_bR.97462
999 _c126757
_d126757